书目信息 |
| 题名: |
长江上游非点源污染特征及其变化规律
|
|
| 作者: | 沈珍瑶 , 刘瑞民 , 叶闽 著 | |
| 分册: | ||
| 出版信息: | 北京 科学出版社 2008.09 |
|
| 页数: | 394页, [12] 页图版 | |
| 开本: | 24cm | |
| 丛书名: | 长江流域水沙产输及其与环境变化耦合机理研究丛书 | |
| 单 册: | ||
| 中图分类: | X522.01 | |
| 科图分类: | ||
| 主题词: | ||
| 电子资源: | ||
| ISBN: | 978-7-03-022891-8 | |
| 000 | 01437nam 2200313 450 | |
| 001 | 012009203593 | |
| 005 | 20091127210944.65 | |
| 010 | @a978-7-03-022891-8@b精装@dCNY90.00 | |
| 100 | @a20091127d2008 em y0chiy0120 ea | |
| 101 | 0 | @achi |
| 102 | @aCN@b110000 | |
| 105 | @aabfka 000yy | |
| 106 | @ar | |
| 200 | 1 | @a长江上游非点源污染特征及其变化规律@Achang jiang shang you fei dian yuan wu ran te zheng ji qi bian hua gui lu@f沈珍瑶 ... [等] 著@Fshen zhen yao...[deng]zhu |
| 210 | @a北京@c科学出版社@d2008.09 | |
| 215 | @a394页, [12] 页图版@c图, 地图@d24cm | |
| 225 | 2 | @a长江流域水沙产输及其与环境变化耦合机理研究丛书@Achang jiang liu yu shui sha chan shu ji qi yu huan jing bian hua ou he ji li yan jiu cong shu |
| 300 | @a“十一五”国家重点图书出版规划项目国家重点基础研究发展计划 | |
| 304 | @a题名页题 : 沈珍瑶, 刘瑞民, 叶闽, 丁晓雯, 许其功, 贾海燕等著 | |
| 320 | @a有书目 | |
| 330 | @a本书主要内容有:总论,土地利用/覆盖变化及其对长江上游非点源污染的影响,非点源污染负荷估算的改进输出系数法,长江上游非点源污染负荷变化规律,三峡库区香溪河流域农业非点源污染特征研究等。 | |
| 410 | 0 | @12001 @a长江流域水沙产输及其与环境变化耦合机理研究丛书 |
| 607 | @a长江@Achang jiang@x上游河段@x河流污染@x非点污染源@x研究 | |
| 690 | @aX522.01@v4 | |
| 701 | 0 | @a沈珍瑶@Ashen zhen yao@4著 |
| 701 | 0 | @a刘瑞民@Aliu rui min@4著 |
| 701 | 0 | @a叶闽@Aye min@4著 |
| 801 | 0 | @aCN@bQSSK@c20091127 |
| 905 | @b766340@dX522.01@eS458@f1 | |
| 长江上游非点源污染特征及其变化规律/沈珍瑶 ... [等] 著.-北京:科学出版社,2008.09 |
| 394页, [12] 页图版:图, 地图;24cm.-(长江流域水沙产输及其与环境变化耦合机理研究丛书) |
| “十一五”国家重点图书出版规划项目国家重点基础研究发展计划 |
| ISBN 978-7-03-022891-8(精装):CNY90.00 |
| 本书主要内容有:总论,土地利用/覆盖变化及其对长江上游非点源污染的影响,非点源污染负荷估算的改进输出系数法,长江上游非点源污染负荷变化规律,三峡库区香溪河流域农业非点源污染特征研究等。 |
| ● |
| 相关链接 |
|
|
|
正题名:长江上游非点源污染特征及其变化规律
索取号:X522.01/S458
 
预约/预借
| 序号 | 登录号 | 条形码 | 馆藏地/架位号 | 状态 | 备注 |
| 1 | 766340 | 207663401 | 自科库501/501自科库 101排2列1层/ [索取号:X522.01/S458] | 在馆 |